000 00753nam a2200253Ia 4500
005 20260429112019.0
008 260429s9999||||xx |||||||||||||| ||und||
020 _a9781032270968
041 _aEnglish
082 _a338.4791
_bROZ
100 _aRozkwitalska-Welenc, Malgorzata
245 0 _aOrganizational resilience in hospitality and tourism /
_cMalgorzata Rozkwitalska-Welenc
250 _a1st ed.
260 _aNew Delhi :
_bRoutledge,
_c2024.
300 _ax, 198 p.; hb
650 _a Organizational resilience
650 _a Tourism management
650 _aHospitality management
700 _a Basinska, Beata A.
700 _a Borzyszkowski, Jacek
700 _a Karatepe, Osman M.
700 _a Okumus, Fevzi
942 _cTB
999 _c51896
_d51896